Champions League and Europa League Winning Managers Quiz Stats

 Plays Quiz not verified by Sporcle

Also try: NFL Blitz
Challenge
Share
Tweet
Embed
Score 0/6 Timer 03:00
0 Plays Today
Won Champions League With... Manager % Correct
Porto (2004), Inter Milan (2010)José Mourinho
97.8%
Liverpool (2005)Rafael Benítez
93%
Ajax (1995)Louis van Gaal
60.6%
Liverpool (1977, 1978)Bob Paisley
46%
Juventus (1985)Giovanni Trapattoni
21.1%
Bayern Munich (1974)Udo Lattek
8.6%

You're not logged in!

Compare scores with friends on all Sporcle quizzes.
OR
Log In

You Might Also Like...

Show Comments

Extras

Top Quizzes Today


Score Distribution

Your Account Isn't Verified!

In order to create a playlist on Sporcle, you need to verify the email address you used during registration. Go to your Sporcle Settings to finish the process.

Report this User

Report this user for behavior that violates our Community Guidelines.

Details: